000 00667nam a22002057a 4500
005 20250402152041.0
010 _aENG-144411
020 _a9789354420795(VOL.VII)
_c 2576.00
035 _aEN-127943
037 _bDBAD
082 _a409.54
_21st
245 _aPeople's Linguistic Survey Of India The Languages Of Chhattisgarh
_cG.N.Devy
_hEnglish
250 _a1st
260 _aTelangana,India
_c2021
_bOrient BlackSwan
270 _a3-6-752, Himayatnagar,
_bHyderabad,Telangana
_minfo@orientblackswan.com
300 _axi, 212.p
_c25cm. (Hb)
490 _aPart-II
_vVII
700 _aMadhu Singh
_980043
942 _2ddc
_cEN
_h409.54
_mDEV
_e1
999 _c210671
_d210671